| 000 | 00676nam a2200241Ia 4500 | ||
|---|---|---|---|
| 003 | OSt | ||
| 005 | 20220918200342.0 | ||
| 006 | a|||||r|||| 00| 0 | ||
| 007 | ta | ||
| 008 | 220917b |||||||| |||| 00| 0 eng d | ||
| 024 | _a88,438 | ||
| 037 | _cTextual | ||
| 040 |
_aARTS _cARTS _beng |
||
| 041 |
_2eng _aeng |
||
| 082 | _aT4h654g, J3 (906) | ||
| 110 |
_aGreat Britain central office of information _993732 |
||
| 245 | 0 | _aAfrican university (Set of 12 plates ) | |
| 260 | _c1953 | ||
| 650 | _aHIGHER EDUCATION | ||
| 700 |
_aGreat Britain central office of information _993733 |
||
| 942 |
_hT4h654g, J3 (906) _cTEXL _2CC |
||
| 999 |
_c212126 _d212126 |
||